Light at the edge of the world

Uloženo v:
Podrobná bibliografie
Hlavní autor: Wade Davis
Médium: Kniha
Jazyk:Undetermined
Vydáno: Canada Douglas & McIntyre 2001
Témata:
Tagy: Přidat tag
Žádné tagy, Buďte první, kdo otaguje tento záznam!
Thư viện lưu trữ: Trung tâm Học liệu Trường Đại học Cần Thơ
LEADER 00434nam a2200169Ia 4500
001 CTU_55977
008 210402s9999 xx 000 0 und d
082 |a 301 
082 |b D265 
100 |a Wade Davis 
245 0 |a Light at the edge of the world 
245 0 |c Wade Davis 
260 |a Canada 
260 |b Douglas & McIntyre 
260 |c 2001 
650 |a Anthropology 
980 |a Trung tâm Học liệu Trường Đại học Cần Thơ